Statystyki dla Wszystkie piosenki - Avi

Kliknij tutaj aby rozwiązać quiz!

Ogólne statystyki

  • Ten quiz został rozwiązany 155 razy
    (95 od ostatniego zresetowania)
  • Średni wynik to 28 z 67

Statystyki odpowiedzi

HintOdpowiedź% Poprawnych
Mały KsiążęMały Książę
93%
Mały KsiążęGelenda
78%
Akademia Sztuk Pięknych (z Louis Villain)AMG
76%
Zbiór Pieśni Sycylijskich (z Louis Villain)Intro
72%
Mały KsiążęIntro
72%
Zbiór Pieśni Sycylijskich (z Louis Villain)Outro
72%
Mały KsiążęOutro
72%
Mały KsiążęMara (feat. Reto)
71%
Mały KsiążęLeśmian (feat. Pezet)
69%
Akademia Sztuk Pięknych (z Louis Villain)Apollo (feat. Sarius)
68%
Mały KsiążęNieskończoność
67%
Mały KsiążęAmaretto
63%
Mały KsiążęC'est La vie (feat. Gibbs)
61%
Mały KsiążęPrzełęcz
61%
Akademia Sztuk Pięknych (z Louis Villain)Toast
57%
Akademia Sztuk Pięknych (z Louis Villain)WPR (feat. Kabe)
57%
Mały KsiążęRequiem
56%
Mały KsiążęWarsaw Vice (feat. Kaz Bałagane)
56%
Akademia Sztuk Pięknych (z Louis Villain)Testament
51%
Spis Dzieł Sycylijskich (z Louis Villain)Jak mam żyć? (feat. Bonson)
50%
Akademia Sztuk Pięknych (z Louis Villain)Woof (feat. Pezet)
50%
Akademia Sztuk Pięknych (z Louis Villain)Evviva l'arte
49%
Akademia Sztuk Pięknych (z Louis Villain)Michelangelo
49%
Mały KsiążęFred Astaire (feat. Oskar83)
47%
Zbiór Pieśni Sycylijskich (z Louis Villain)Inny Niż Oni
47%
Spis Dzieł Sycylijskich (z Louis Villain)Manifest
47%
Akademia Sztuk Pięknych (z Louis Villain)Epilog
44%
Spis Dzieł Sycylijskich (z Louis Villain)Epilog
44%
Spis Dzieł Sycylijskich (z Louis Villain)Epitafium (feat. Reto)
44%
Akademia Sztuk Pięknych (z Louis Villain)Prolog
44%
Spis Dzieł Sycylijskich (z Louis Villain)Prolog
44%
Akademia Sztuk Pięknych (z Louis Villain)Soprano
43%
Zbiór Pieśni Sycylijskich (z Louis Villain)Dante (feat. Reto)
42%
Zbiór Pieśni Sycylijskich (z Louis Villain)Fenix
42%
Akademia Sztuk Pięknych (z Louis Villain)Dresscode
40%
Spis Dzieł Sycylijskich (z Louis Villain)
Pietà
39%
Akademia Sztuk Pięknych (z Louis Villain)Fangor
38%
Spis Dzieł Sycylijskich (z Louis Villain)Królestwo
38%
Spis Dzieł Sycylijskich (z Louis Villain)Doberman
35%
Zbiór Pieśni Sycylijskich (z Louis Villain)Giorno (feat. Białas)
33%
Spis Dzieł Sycylijskich (z Louis Villain)Harmonia
33%
Zbiór Pieśni Sycylijskich (z Louis Villain)MOYA
33%
Akademia Sztuk Pięknych EP (z Louis Villain)M O Y A (feat. Gruppo Tredici, Przemo DBM & Rene)
33%
Zbiór Pieśni Sycylijskich (z Louis Villain)Ora Et Labora
33%
Zbiór Pieśni Sycylijskich (z Louis Villain)Million
32%
Zbiór Pieśni Sycylijskich (z Louis Villain)Sherwood (feat. Przemo DBM)
32%
Akademia Sztuk Pięknych EP (z Louis Villain)VENI
32%
Zbiór Pieśni Sycylijskich (z Louis Villain)Monte Christo
29%
Spis Dzieł Sycylijskich (z Louis Villain)Gotti (feat. Borixon)
28%
Spis Dzieł Sycylijskich (z Louis Villain)Molto Bene
28%
Zbiór Pieśni Sycylijskich (z Louis Villain)Nostradamus
28%
Akademia Sztuk Pięknych (z Louis Villain)Alma Mater (feat. Ero & Onar)
26%
Zbiór Pieśni Sycylijskich (z Louis Villain)Chateau
26%
Zbiór Pieśni Sycylijskich (z Louis Villain)Jeden z Anonimowych
25%
Spis Dzieł Sycylijskich (z Louis Villain)Módl się za nami (feat. Koza)
25%
Apokryfy Dzieł Sycylijskich (z Louis Villain)Walkiria
25%
Zbiór Pieśni Sycylijskich (z Louis Villain)Plany
24%
Spis Dzieł Sycylijskich (z Louis Villain)Rimbaud
24%
Zbiór Pieśni Sycylijskich (z Louis Villain)Cesarz
22%
Zbiór Pieśni Sycylijskich (z Louis Villain)Nessun Dorma
22%
Zbiór Pieśni Sycylijskich (z Louis Villain)Motyle
19%
Apokryfy Dzieł Sycylijskich (z Louis Villain)Poeta Wyklęty (feat. Filipek)
19%
Spis Dzieł Sycylijskich (z Louis Villain)Ange Ou Demon
18%
Zbiór Pieśni Sycylijskich (z Louis Villain)Terencjusz
17%
Akademia Sztuk Pięknych EP (z Louis Villain)Nietoperz (feat. Joda & ZetHa)
13%
Apokryfy Dzieł Sycylijskich (z Louis Villain)Champs Élysées (feat. Kaz Bałagane)
7%
Mały KsiążęCiepienia Młodego Dilera
7%

Rozkład punktacji

Percentyl według liczby udzielonych odpowiedzi

Procent ludzi z każdym wynikiem

Twoja historia wyników

Nie rozwiązałeś tego quizu od ostatniego zresetowania